[Event "SRB-chT3 East CS"]
[Site "Kladovo"]
[Date "2016.10.15"]
[Round "10.42"]
[White "Cvetanovic, Uros"]
[Black "Knezevic, Ilija"]
[Result "1/2-1/2"]
[WhiteElo "2247"]
[BlackElo "2152"]
[PlyCount "21"]
[EventDate "2016.09.04"]
[EventType "team-tourn"]
[EventRounds "11"]
[EventCountry "SRB"]
[SourceTitle "EXT 2021"]
[Source "ChessBase"]
[SourceDate "2020.10.23"]
[SourceVersion "1"]
[SourceVersionDate "2020.10.23"]
[SourceQuality "1"]

1. Nf3 d5 2. d4 c6 3. g3 Nf6 4. Bg2 Bg4 5. h3 Bxf3 6. Bxf3 e6 7. c3 Nbd7 8. Qb3 Qb6 9. Qxb6 axb6 10. 0-0 Be7 11. Nd2 1/2-1/2

[Event "SRB-chT3 East"]
[Site "Serbia"]
[Date "2015.10.15"]
[Round "6.44"]
[White "Kalcic, Krsta"]
[Black "Knezevic, Ilija"]
[Result "1-0"]
[WhiteElo "2190"]
[BlackElo "2172"]
[PlyCount "85"]
[EventDate "2015.09.06"]
[EventType "team-tourn"]
[EventRounds "11"]
[EventCountry "SRB"]
[SourceTitle "EXT 2022"]
[Source "ChessBase"]
[SourceDate "2021.10.06"]
[SourceVersion "1"]
[SourceVersionDate "2021.10.06"]
[SourceQuality "1"]

1. e4 c6 2. d4 d5 3. e5 Bf5 4. Nf3 e6 5. Be2 Ne7 6. 0-0 c5 7. Be3 Nec6 8. dxc5 Nd7 9. Bb5 Bg4 10. Bd4 Qc7 11. Bxc6 bxc6 12. b4 Be7 13. Re1 0-0 14. h3 Bh5 15. Nbd2 Rfb8 16. c3 a5 17. a3 Qa7 18. Nb3 Bd8 19. Qd3 Bxf3 20. Qxf3 Bc7 21. Qd3 Rb7 22. f4 Qb8 23. f5 axb4 24. fxe6 fxe6 25. axb4 Rba7 26. Rxa7 Rxa7 27. Nd2 Qa8 28. Nf3 Ra1 29. Rxa1 Qxa1+ 30. Kh2 Qc1 31. Qa6 Qf4+ 32. Kh1 Nf8 33. Qxc6 Bd8 34. b5 g5 35. Qe8 g4 36. hxg4 Bg5 37. b6 Qc1+ 38. Ng1 Be3 39. Bxe3 Qxe3 40. b7 Qg5 41. b8Q Qh4+ 42. Nh3 Qe1+ 43. Kh2 1-0

[Event "SRB-chT3 Ost"]
[Site "Kladovo"]
[Date "2013.10.17"]
[Round "1.23"]
[White "Boskovic, Dusan"]
[Black "Knezevic, Ilija"]
[Result "0-1"]
[WhiteElo "1801"]
[BlackElo "2189"]
[PlyCount "112"]
[EventDate "2013.10.17"]
[EventType "team-swiss"]
[EventRounds "8"]
[EventCountry "SRB"]
[SourceTitle "EXT 2015"]
[Source "ChessBase"]
[SourceDate "2014.11.20"]
[SourceVersion "1"]
[SourceVersionDate "2014.11.20"]
[SourceQuality "1"]

1. e4 c6 2. c3 d5 3. exd5 cxd5 4. d4 Nc6 5. Nf3 Nf6 6. Bd3 Bg4 7. h3 Bh5 8. Bf4 e6 9. Nbd2 Bd6 10. Bg5 0-0 11. Qc2 Bg6 12. 0-0 Rc8 13. Bxg6 hxg6 14. Qd3 Qc7 15. Rfc1 Na5 16. b3 Ba3 17. Rc2 Nc6 18. Ne1 Bd6 19. Rb1 a6 20. a4 Qa5 21. Ra1 Rc7 22. b4 Qb6 23. Rb1 Rfc8 24. f3 Bg3 25. Kf1 Bxe1 26. Kxe1 Nxd4 27. Rcc1 Nf5 28. Bf4 Qg1+ 29. Nf1 Rc4 30. Qd2 Nh4 31. Bh2 Nxg2+ 32. Ke2 Qb6 33. Kd1 Nh4 34. Ne3 R4c6 35. b5 axb5 36. axb5 Rc5 37. Bg3 Nxf3 38. Qe2 Ng5 39. Be1 Nfe4 40. h4 Nh7 41. c4 Nhf6 42. Bb4 R5c7 43. cxd5 Qd4+ 44. Bd2 Rxc1+ 45. Rxc1 Rxc1+ 46. Kxc1 Nxd2 47. Qxd2 Qxd2+ 48. Kxd2 exd5 49. Kd3 Kf8 50. Kd4 Ke7 51. Kc5 Kd7 52. Nc2 Kc7 53. Ne3 b6+ 54. Kd4 Kd6 55. Ng2 Ne8 56. Ne3 Nc7 0-1

[Event "SRB-chT3 East CS"]
[Site "Serbia"]
[Date "2012.09.28"]
[Round "1.33"]
[White "Stevic, Dragan"]
[Black "Knezevic, Ilija"]
[Result "0-1"]
[WhiteElo "1858"]
[BlackElo "2185"]
[PlyCount "105"]
[EventDate "2012.09.28"]
[EventType "team"]
[EventRounds "10"]
[EventCountry "SRB"]
[SourceTitle "EXT 2015"]
[Source "ChessBase"]
[SourceDate "2014.11.20"]
[SourceVersion "1"]
[SourceVersionDate "2014.11.20"]
[SourceQuality "1"]

1. e3 d5 2. Nf3 Nf6 3. c4 e6 4. d4 Be7 5. Nc3 0-0 6. Bd3 c5 7. 0-0 Nc6 8. b3 b6 9. Ba3 Bb7 10. cxd5 exd5 11. dxc5 Bxc5 12. Bxc5 bxc5 13. Na4 Qe7 14. Rc1 c4 15. bxc4 dxc4 16. Bxc4 Ne5 17. Nxe5 Qxe5 18. Qd4 Qg5 19. f3 Rad8 20. Qc5 Qh4 21. Qxa7 Bc6 22. Nb2 Rd2 23. Nd3 Ng4 24. Qc7 Nxe3 25. Rf2 Rxf2 26. Nxf2 Ba8 27. Qc5 Qh6 28. Re1 Nxc4 29. Qxc4 Qb6 30. Qb3 Qa5 31. Ra1 Bd5 32. Qb2 Ra8 33. a3 h6 34. Qd4 Rc8 35. Rd1 Be6 36. Qb4 Qa7 37. Qb2 Rb8 38. Qe5 Rb3 39. a4 Re3 40. Qb5 Rb3 41. Qe5 Re3 42. Qb5 Bb3 43. Ra1 Qd4 44. Rc1 Bc4 45. Qb8+ Kh7 46. Qb1+ g6 47. Re1 Rb3 48. Qe4 Qc5 49. g3 Bd5 50. Qe7 Qb6 51. f4 Rf3 52. Qe2 Ra3 53. Qb5 0-1

[Event "SRB-chT3 East"]
[Site "Serbia"]
[Date "2007.??.??"]
[Round "1.3"]
[White "Devetak, Dusan"]
[Black "Knezevic, Ilija"]
[Result "1/2-1/2"]
[WhiteElo "2223"]
[BlackElo "2208"]
[PlyCount "26"]
[EventDate "2007.09.02"]
[EventType "team"]
[EventRounds "11"]
[EventCountry "SRB"]
[SourceTitle "EXT 2012"]
[Source "ChessBase"]
[SourceDate "2011.11.24"]
[SourceVersion "1"]
[SourceVersionDate "2011.11.24"]
[SourceQuality "1"]
[WhiteTeam "Hemicar"]
[BlackTeam "Ozren"]
[WhiteTeamCountry "SRB"]
[BlackTeamCountry "SRB"]

1. e4 c6 2. d4 d5 3. Nc3 dxe4 4. Nxe4 Nd7 5. Nf3 Ngf6 6. Nxf6+ Nxf6 7. Bc4 e6 8. Bf4 Be7 9. 0-0 0-0 10. h3 c5 11. dxc5 Bxc5 12. Qxd8 Rxd8 13. Bg5 Bd7 1/2-1/2

[Event "YUG-ch23 corr9798"]
[Site "Yugoslavia"]
[Date "1997.??.??"]
[Round "?"]
[White "Knezevic, Ilija"]
[Black "Jovcic, Milan"]
[Result "1/2-1/2"]
[WhiteElo "2250"]
[BlackElo "2400"]
[PlyCount "59"]
[EventDate "1997.03.??"]
[EventType "tourn (corr)"]
[EventRounds "16"]
[EventCountry "YUG"]
[EventCategory "2"]
[SourceTitle "Corr 2000"]
[Source "ChessBase"]
[SourceDate "2000.04.19"]
[SourceVersion "1"]
[SourceVersionDate "2000.04.19"]
[SourceQuality "1"]

1. d4 d5 2. c4 e6 3. Nc3 c6 4. e3 Nf6 5. Nf3 Nbd7 6. Bd3 dxc4 7. Bxc4 b5 8. Bd3 a6 9. e4 c5 10. d5 c4 11. Bc2 Qc7 12. dxe6 fxe6 13. 0-0 Bb7 14. Ng5 Nc5 15. e5 Qxe5 16. Re1 Qd6 17. Qxd6 Bxd6 18. Be3 0-0 19. Rad1 Be7 20. Bxc5 Bxc5 21. Nxe6 Rfc8 22. h3 Rab8 23. g4 Bf3 24. Rd2 Re8 25. g5 Nh5 26. Bd1 Bxd1 27. Rdxd1 Bb4 28. a3 Bxc3 29. bxc3 Rb6 30. Rd8 1/2-1/2

[Event "YUG-ch23 corr9798"]
[Site "Yugoslavia"]
[Date "1997.??.??"]
[Round "?"]
[White "Knezevic, Ilija"]
[Black "Kovacevic, Milorad Mi"]
[Result "1-0"]
[WhiteElo "2250"]
[BlackElo "2250"]
[PlyCount "77"]
[EventDate "1997.03.??"]
[EventType "tourn (corr)"]
[EventRounds "16"]
[EventCountry "YUG"]
[EventCategory "2"]
[SourceTitle "Corr 2000"]
[Source "ChessBase"]
[SourceDate "2000.04.19"]
[SourceVersion "1"]
[SourceVersionDate "2000.04.19"]
[SourceQuality "1"]

1. d4 Nf6 2. c4 e6 3. Nc3 Bb4 4. Qc2 c5 5. dxc5 0-0 6. a3 Bxc5 7. Nf3 Nc6 8. Bg5 Nd4 9. Nxd4 Bxd4 10. e3 Qa5 11. exd4 Qxg5 12. Qd2 Qxd2+ 13. Kxd2 b6 14. Bd3 Bb7 15. f3 d5 16. c5 bxc5 17. dxc5 e5 18. Rhe1 Nd7 19. b4 f6 20. Rac1 d4 21. Nb5 Ba6 22. Nc7 Bxd3 23. Nxa8 Bb5 24. Nc7 Ba4 25. Nd5 Kf7 26. c6 Nb6 27. Nxb6 axb6 28. c7 Rc8 29. f4 Ke6 30. fxe5 fxe5 31. Re4 Kd6 32. h4 Bb3 33. Rce1 Rxc7 34. Rxe5 Ra7 35. Kd3 Rxa3 36. Kxd4 Ra7 37. Re8 h6 38. Rb8 Kc7 39. Ree8 1-0

[Event "YUG-ch23 corr9798"]
[Site "Yugoslavia"]
[Date "1997.??.??"]
[Round "?"]
[White "Knezevic, Ilija"]
[Black "Mirkovic, Slobodan"]
[Result "1-0"]
[WhiteElo "2250"]
[BlackElo "2350"]
[PlyCount "67"]
[EventDate "1997.03.??"]
[EventType "tourn (corr)"]
[EventRounds "16"]
[EventCountry "YUG"]
[EventCategory "2"]
[SourceTitle "Corr 2000"]
[Source "ChessBase"]
[SourceDate "2000.04.19"]
[SourceVersion "1"]
[SourceVersionDate "2000.04.19"]
[SourceQuality "1"]

1. d4 d5 2. c4 dxc4 3. e4 Nf6 4. e5 Nd5 5. Bxc4 Nc6 6. Nc3 Nb6 7. Bb5 Bd7 8. Nf3 e6 9. a3 Ne7 10. Bd3 Bc6 11. 0-0 h6 12. Bc2 Ned5 13. Re1 g5 14. Ne4 Qe7 15. Nfd2 Bg7 16. Nb3 a5 17. Qe2 Nd7 18. Bd2 b6 19. Rac1 Bb7 20. Bd3 a4 21. Na1 0-0 22. h4 gxh4 23. Qh5 f5 24. exf6 N7xf6 25. Qxh4 Nxe4 26. Qxe4 Qf6 27. Qh7+ Kf7 28. Nc2 Rh8 29. Qe4 Bf8 30. Ne3 Rg8 31. Ng4 Rxg4 32. Qxg4 Bd6 33. Qh5+ Kg7 34. Re4 1-0